000 01005nam a22003257a 4500
001 0039826
003 KOHA_MİRAKIL
005 20260207003142.0
007 ta
008 130403b2007 ge |||grd|||#0|||0|ger |
020 _a9788888906294
040 _aTR-BiSEU
_btur
_cTR-BiSEU
_erda
041 0 _ager
044 _cge
050 _aLB15
_b.D58 2007
245 0 _aDizionario terminologico dell'istruzione superiore Austria-Italia.
246 _aTerminologisches Wörterbuch zum hochschulwesen Italien-Österreich
264 1 _aBozen :
_bEurac
_c2007
300 _a1149 p. ;
_c20 cm.
336 _ametin
_btxt
_2rdacontent
337 _aaracısız
_bn
_2rdamedia
338 _acilt
_bnc
_2rdacarrier
505 _aYüksek eğitim terminoloji sözlüğü: Almanca-İtalyanca, İtalyanca-Almanca
650 0 _aDictionary.
_962569
650 0 _aDictionary--Education.
_973945
650 0 _aSözlükler.
_91707
650 0 _aSözlükler--Eğitim.
_973946
907 _aSözlük
942 _2lcc
_cBK
999 _c39704
_d39704